Количественное определение содержания ртути в лишайнике вида Physciapulverulenta на примере промышленного города Междуреченска; Экологические проблемы региона и пути их решения
| Parent link: | Экологические проблемы региона и пути их решения.— 2016.— [С. 143-147] |
|---|---|
| المؤلف الرئيسي: | |
| مؤلف مشترك: | |
| مؤلفون آخرون: | |
| الملخص: | Заглавие с экрана В данной статье рассмотрена проблема загрязнения промышленных городов ртутью на примере города Междуреченска. С использованием метода атомноабсорбционной спектрометрии с пиролитическим разложение пробы определено содержание ртути в лишайнике вида Physciapulverulenta. Выявлена и проанализирована закономерность накопления ртути в слоевищах лишайника в зависимости от степени антропогенной нагрузки и особенностей рельефа. The article is devoted to a problem of the mercury pollution in industrial cities: case of Mezhdurechenckcity. The mercury concentrations in the lichensPhysciapulverulenta are defined by atomic absorption spectrometrywith a pyrolytic decomposition of samples.Peculiaritiesof mercury accumulation depending on the degree of anthropogenic andterrain features are revealed and analyzed. Режим доступа: по договору с организацией-держателем ресурса |
| اللغة: | الروسية |
| منشور في: |
2016
|
| الموضوعات: | |
| الوصول للمادة أونلاين: | http://elibrary.ru/item.asp?id=28329793 |
| التنسيق: | MixedMaterials الكتروني فصل الكتاب |
| KOHA link: | https://koha.lib.tpu.ru/cgi-bin/koha/opac-detail.pl?biblionumber=653649 |
MARC
| LEADER | 00000naa0a2200000 4500 | ||
|---|---|---|---|
| 001 | 653649 | ||
| 005 | 20250904163922.0 | ||
| 035 | |a (RuTPU)RU\TPU\network\19143 | ||
| 035 | |a RU\TPU\network\19142 | ||
| 090 | |a 653649 | ||
| 100 | |a 20170321d2016 k||y0rusy50 ca | ||
| 101 | 0 | |a rus | |
| 102 | |a RU | ||
| 135 | |a drnn ---uucaa | ||
| 181 | 0 | |a i | |
| 182 | 0 | |a b | |
| 200 | 1 | |a Количественное определение содержания ртути в лишайнике вида Physciapulverulenta на примере промышленного города Междуреченска |d Quantitative determination of mercury in the lichens physcia pulverulenta in industrial cities: case of Mezhdurechenck city |f А. А. Исупова, А. Р. Ялалтдинова | |
| 203 | |a Текст |c электронный | ||
| 300 | |a Заглавие с экрана | ||
| 320 | |a [Библиогр.: с. 146-147 (7 назв.)] | ||
| 330 | |a В данной статье рассмотрена проблема загрязнения промышленных городов ртутью на примере города Междуреченска. С использованием метода атомноабсорбционной спектрометрии с пиролитическим разложение пробы определено содержание ртути в лишайнике вида Physciapulverulenta. Выявлена и проанализирована закономерность накопления ртути в слоевищах лишайника в зависимости от степени антропогенной нагрузки и особенностей рельефа. | ||
| 330 | |a The article is devoted to a problem of the mercury pollution in industrial cities: case of Mezhdurechenckcity. The mercury concentrations in the lichensPhysciapulverulenta are defined by atomic absorption spectrometrywith a pyrolytic decomposition of samples.Peculiaritiesof mercury accumulation depending on the degree of anthropogenic andterrain features are revealed and analyzed. | ||
| 333 | |a Режим доступа: по договору с организацией-держателем ресурса | ||
| 463 | 1 | |t Экологические проблемы региона и пути их решения |o материалы национальной научно-практической конференции с международным участием, проводимой в рамках Сибирского экологического форума "Эко-BOOM", 13 - 15 октября 2016 г., Омск |v [С. 143-147] |d 2016 | |
| 510 | 1 | |a Quantitative determination of mercury in the lichens physcia pulverulenta in industrial cities: case of Mezhdurechenck city |z eng | |
| 610 | 1 | |a труды учёных ТПУ | |
| 610 | 1 | |a электронный ресурс | |
| 610 | 1 | |a промышленное загрязнение | |
| 610 | 1 | |a эпифитные лишайники | |
| 610 | 1 | |a атомно-абсорбционная спектрометрия | |
| 610 | 1 | |a Междуреченск | |
| 610 | 1 | |a ртуть | |
| 700 | 1 | |a Исупова |b А. А. |g Алена Анатольевна | |
| 701 | 1 | |a Ялалтдинова |b А. Р. |c геохимик |c инженер Томского политехнического университета |f 1990- |g Альбина Рашидовна |3 (RuTPU)RU\TPU\pers\30868 | |
| 712 | 0 | 2 | |a Национальный исследовательский Томский политехнический университет (ТПУ) |b Институт природных ресурсов (ИПР) |b Кафедра геоэкологии и геохимии (ГЭГХ) |3 (RuTPU)RU\TPU\col\18658 |
| 801 | 2 | |a RU |b 63413507 |c 20170321 |g RCR | |
| 856 | 4 | 0 | |u http://elibrary.ru/item.asp?id=28329793 |
| 942 | |c CF | ||